01405nam a22002534c 4500003000900000008004100009020001800050040003100068041001900099080001100118100002100129245002400150250004600174264004900220300004100269336002700310337003300337338002800370490003100398520065500429650002401084650001101108700003201119AR-BaSMT260512b2025 aga|||br|||| 000 1bspa d a9789878013640 aBSGBbespañolcBSGBerda0 aspahespañol a82-34 1 aGaleano, Eduardo14aUn mar de fueguitos aPrimera edición ; segunda reimpresión aBuenos aires : bSiglo XXI Editores , c2025 a48 páginas ; bilustraciones color 2rdacontentatextobtxt 2rdamediaasin mediaciónbn 2rdacarrieravolumenbnc aBiblioteca Eduardo Galeano aLas tres historias incluidas en este libro impactaron (y siguen haciéndolo) a miles de lectores de diferentes partes del mundo. Algunos ni saben que fueron escritas por Eduardo Galeano. Eso es lo que sucede cuando un texto se vuelve popular: las palabras del autor viajan más lejos y más veloces que su propio nombre. Nos encantaría que este libro, genialmente ilustrado por Poly Bernatene, fuera un primer acercamiento sensible de muchos niños y niñas a este mar de fueguitos que es nuestro mundo. Y nos gustaría todavía más que, cuando lo lean, se enciendan.uhttps://sigloxxieditores.com.ar/libro/un-mar-de-fueguitos/ 12/05/2026 7aLITERATURA INFANTIL 7aCUENTO1 aBernatene, PolyeIlustrador